All WWE WrestleMania Main Events (1-37) - Statistics

General Stats
  • This quiz has been taken 6,978 times
    5,956 since last reset
  • The average score is 77 of 91
Answer Stats
WrestleMania (No.) Answer % Correct
37 Night 2 Roman Reigns
97%
38 Night 2 Roman Reigns
97%
1 Hulk Hogan
96%
2 Hulk Hogan
96%
3 Hulk Hogan
96%
5 Hulk Hogan
96%
6 Hulk Hogan
96%
7 Hulk Hogan
96%
8 Hulk Hogan
96%
9 Hulk Hogan
96%
31 Roman Reigns
96%
32 Roman Reigns
96%
33 Roman Reigns
96%
34 Roman Reigns
96%
13 The Undertaker
96%
24 The Undertaker
96%
26 The Undertaker
96%
33 The Undertaker
96%
36 Night 1 The Undertaker
96%
36 Night 2 Brock Lesnar
95%
38 Night 2 Brock Lesnar
95%
22 John Cena
95%
23 John Cena
95%
27 John Cena
95%
28 John Cena
95%
29 John Cena
95%
15 The Rock
95%
16 The Rock
95%
17 The Rock
95%
28 The Rock
95%
29 The Rock
95%
16 Triple H
95%
18 Triple H
95%
20 Triple H
95%
21 Triple H
95%
22 Triple H
95%
25 Triple H
95%
32 Triple H
95%
19 Brock Lesnar
94%
31 Brock Lesnar
94%
34 Brock Lesnar
94%
25 Randy Orton
93%
30 Randy Orton
93%
14 Steve Austin
93%
15 Steve Austin
93%
17 Steve Austin
93%
38 Night 1 Steve Austin
93%
12 Shawn Michaels
92%
14 Shawn Michaels
92%
20 Shawn Michaels
92%
23 Shawn Michaels
92%
26 Shawn Michaels
92%
31 Seth Rollins
91%
24 Edge
90%
37 Night 2 Edge
90%
21 Batista
88%
30 Batista
88%
35 Charlotte Flair
86%
37 Night 2 Daniel Bryan
86%
30 Daniel Bryan
85%
3 Andre The Giant
82%
35 Becky Lynch
82%
10 Bret Hart
82%
12 Bret Hart
82%
38 Night 1 Kevin Owens
82%
36 Night 1 AJ Styles
79%
19 Kurt Angle
79%
36 Night 2 Drew McIntyre
78%
35 Ronda Rousey
77%
27 The Miz
77%
16 Big Show
76%
4 Randy Savage
75%
5 Randy Savage
75%
6 Ultimate Warrior
74%
20 Chris Benoit
73%
9 Yokozuna
71%
10 Yokozuna
71%
18 Chris Jericho
69%
16 Mick Foley
69%
37 Night 1 Sasha Banks
69%
37 Night 1 Bianca Belair
68%
1 Mr. T
65%
1 Roddy Piper
61%
8 Sid Justice
57%
13 Sycho Sid
57%
7 Sgt Slaughter
50%
2 King Kong Bundy
49%
4 Ted Dibiase
45%
11 Bam Bam Bigelow
43%
1 Paul Orndorff
41%
11 Lawrence Taylor
38%
No matching quizzes found
Score Distribution
Percent of People with Each Score
Percentile by Number Answered
Your Score History
You have not taken this quiz since the last reset